000 00948nam a22001937a 4500
003 BR-ViAPE
005 20260417122601.0
008 260417s1927 por gs||||s000 0 por d
040 _cBR-ViAPE
110 _aEspírito Santo
_bEstado
245 _aRepartição Central de Policia do Estado do Espírito Santo - Relatório apresentado pelo Delegado Geral, Dr. Fernando D. Rabello, ao Exmo. Snr. Dr. Secretario do Interior, referente ao ano de 1927
260 _aVitória
_bTypographia Coelho
_c1928
300 _a90 p.
_bDocumento digitalizado (PDF)
500 _aDocumento digitalizado do acervo institucional do Arquivo Público do Estado do Espírito Santo - APEES.
650 _vAdministração pública
_zEspírito Santo
651 _aEspírito Santo
_xRelatórios governamentais
856 _uhttps://ape.es.gov.br/Media/ape/PDF/Relatorios/1919/relatorio%207%20-%20ano%201927.pdf
_yCLIQUE AQUI PARA ACESSAR O DOCUMENTO
942 _2ddc
_cMSGREL
_n1
999 _c499
_d499